000
00285 a2200145 4500
001
163623
020
_a
040
_c
Magnum
100
_a
Wollard, Kathy
240
1
0
_a
Sabes porque ?
_l
por
245
1
0
_a
Sabes porque ?
362
0
_a
1899
697
_a
PARADIDATICOS
942
_c
BK
999
_c
163623
_d
163623